retrouver l'auteur à l'aide du titre - Statistiques

Statistiques générales
  • Ce quiz a été pris 37 fois
  • Le résultat moyen est 10 sur 30
Statistiques - réponses
Hint Réponse % Correct
Un hiver pour te résister Morgan Moncomble
80%
Twisted Lies Ana Huang
70%
November 9 Colleen Hoover
67%
Le prince cruel Holly Black
67%
La selection Kiera Cass
60%
Fourth Wings Rebecca Yarros
50%
Les sept maris d'Evelyn Hugo Taylor Jenkins Reid
50%
Love on the brain Ali Hazelwood
47%
Mille baisers pour un garçon Tillie Cole
47%
Les fiancés de l'hiver Christelle Dabos
43%
Le Labyrinthe James Dashner
43%
Love and other words Cristina Lauren
40%
La passeuse de mots Alric et Jennifer Twice
37%
The Hawthorne Legacy Jennifer Lynn Barnes
37%
Icebreaker Hannah Grace
33%
La vie invisible d'Addie Larue Victoria Schwab
33%
Shatter me Tahereh Mafi
30%
The prison healer Lynette Noni
23%
Better than the movies Lynn Painter
23%
The poppy war R. F. Kuang
23%
Caraval Stepanie Garber
23%
Promise Ally Condie
20%
Crown of midnight Sarah J.Maas
20%
Witch ans god Liv Stone
17%
La destinée de l'Avalon Marie Reppelin
13%
Le pont des tempêtes Danielle L.Jensen
10%
Good girl, bad blood Holly Jackson
10%
Le royaume des damnés Kerri Manicalco
10%
La sorcière captive Melissa Caruso
10%
Anatomy : a love story Dana Schwartz
3%
Aucun quiz correspondant
Distribution des résultats
% des personnes avec chaque résultat
Percentile par nombre de réponses
Votre historique - résultats
Vous n’avez pas pris ce quiz